01312cam a22002895a 4500003000900000005001700009008004100026020001500067020001800082040004300100082002300143245003100166250002300197264004600220300004000266336002600306337002800332338002700360520035300387650006800740651001000808653003100818655002400849942001200873999001500885952012200900EG-ScBUE20220510142909.0180828r20091978enka f 000 0 eng d a0194571807 a9780194571807 aEG-ScBUEbengerdacEG-ScBUEdEG-ScBUE04a428.00245bBAS22200aBasic English for science. aReprinted edition. 1aOxford :bOxford University Press,c2009. a153 pages :billustrations ;c25 cm 2rdacontentatextbtxt 2rdamediaaunmediatedbn 2rdacarrieravolumebnc aTeaches the language required for performing such tasks as describing, hypothesizing, speculating, accounting for results and summarizing, which are necessary for any kind of scientific enquiry. This title builds up students' language skills so that they move from simple tasks to the description of complete experiments and accounts of processes.  7aEnglish languagexTechnical EnglishxStudy and teaching.2BUEsh 2BUEsh bGGENbHHUUEENNcAugust2018 vReading book934232 2ddccBB c2448d2448 00102ddc40708unknownaMAINbMAINc2NDd2007-02-21ePurchasel1o428.00245 BASp000001672r2025-07-15 00:00:00yBB